|
|
|
|
| LEADER |
01428nam a2200337 a 4500 |
| 001 |
36229 |
| 003 |
BD-DhAAL |
| 005 |
20260128115252.0 |
| 008 |
190929t1992 nyua 001 0 eng d |
| 010 |
|
|
|a 91037800
|
| 020 |
|
|
|a 007054879X
|
| 020 |
|
|
|a 9780070548794
|
| 020 |
|
|
|a 9780071128117
|
| 040 |
|
|
|a DLC
|c DLC
|d DLC
|d BD-DhAAL
|
| 050 |
0 |
0 |
|a HB171.5
|b .S25 1992
|
| 082 |
0 |
0 |
|a 330
|2 23
|
| 100 |
1 |
|
|a Samuelson, Paul A.
|q (Paul Anthony),
|d 1915-2009.
|9 35236
|
| 245 |
1 |
0 |
|a Economics /
|c Paul A. Samuelson, William D. Nordhaus.
|
| 250 |
|
|
|a Fourteenth edition.
|
| 260 |
|
|
|a New York :
|b McGraw-Hill,
|c c1992.
|
| 300 |
|
|
|a xlii, 784 pages :
|b illustrations (some colors) ;
|c 26 cm.
|
| 500 |
|
|
|a Includes index.
|
| 526 |
|
|
|a BIED
|
| 541 |
|
|
|a Complimentary copy from BIED, Donated By Akbar Ali Khan
|e 36229, 41369
|
| 650 |
|
0 |
|a Economics.
|9 35237
|
| 700 |
1 |
|
|a Nordhaus, William D.
|9 35238
|
| 852 |
|
|
|a Ayesha Abed Library
|c BIED Collection
|
| 942 |
|
|
|2 ddc
|c BK
|
| 999 |
|
|
|c 41404
|d 41404
|
| 952 |
|
|
|0 0
|1 0
|2 ddc
|4 0
|6 330_000000000000000_SAM
|7 0
|9 66503
|a BRACUL
|b BRACUL
|c GEN
|d 2019-09-24
|e Complimentary copy from BIED
|l 3
|m 1
|o 330 SAM
|p 3010036229
|r 2026-03-08
|s 2026-03-01
|t 1
|w 2019-09-24
|y BK
|x Transferred from BIED to General Stacks
|
| 952 |
|
|
|0 0
|1 0
|2 ddc
|4 0
|6 330_000000000000000_SAM
|7 1
|9 74087
|a BRACUL
|b BRACUL
|c AAKC
|d 2023-07-18
|e Donated By Akbar Ali Khan
|l 0
|o 330 SAM
|p 3010041369
|r 2023-07-18
|t 2
|w 2023-07-18
|y BK
|x Donated By Akbar Ali Khan
|